| 000 | 00377 a2200145 4500 | ||
|---|---|---|---|
| 020 | _a0822217848 | ||
| 040 |
_aDLC _bDLC |
||
| 082 | _a839.8226 | ||
| 100 | 1 | _aIbsen, Henrik, | |
| 245 | 1 | 0 |
_aHenrik Ibsen's Hedda Gabler _cDoug Hughes |
| 260 |
_aNew York : _bDramatists Play Service, _cc2001. |
||
| 300 |
_a83 p. ; _c23 cm. |
||
| 700 | 1 | _aHughes, Doug. | |
| 942 |
_cBK _k839.8226 IBS _2ddc |
||
| 999 |
_c5041 _d5041 |
||